000 00515nam a22001932 4500
001 0000023923
005 20151217152251.0
008 130416s xx 000 0 eng d
020 _a0195725735 :
040 _aKABU
_cKABU
100 1 _aAmana, Boukheit.
_@0000156864
245 1 0 _aZababu chungu /
_cBoukheit Amana.
250 _a1st ed.
260 _aNairobi :
_bO. U. P.,
_c1985.
300 _a50 p.
852 1 _9p300 KES
908 _a130416
950 _@1
999 _c10055
_d10055